000 00561nam a2200217Ia 4500
008 101110s9999 xx 000 0 und d
041 _aENGLISH
082 _bFR77
100 _aDas Dilip Kumar
245 _aIntroductory soil science
260 _c2003
_bKalyani publication, Ludhiana
300 _a500
365 _b150
520 _aDry-land Agriculture
546 _aENGLISH
630 _aIntroductory soil science
650 _aDry-land Agriculture
655 _aDry-land Agriculture
730 _aIntroductory soil science
942 _cBOOK
999 _c793231
_d793228